Giáo trình triết học Mác - Lênin /

保存先:
書誌詳細
その他の著者: Dương Phú Hiệp., Hồ Sĩ Quý., Hồ Văn Thông., Lê Hữu Nghĩa., Lê Hữu Tầng., Ngô Thành Dương., Nguyễn Đăng Quang., Nguyễn Duy Quý, Nguyễn Hữu Vui., Nguyễn Ngọc Long., Nguyễn Tài Thư., Nguyễn Trọng Chuẩn., Phạm Ngọc Quang., Phạm Thị Ngọc Trầm., Trần Hữu Tiến., Trần Nhâm., Vũ Khiêu., Vũ Ngọc Pha.
フォーマット: Sách giấy
言語:Vietnamese
出版事項: : , 200.
タグ: タグ追加
タグなし, このレコードへの初めてのタグを付けませんか!
Thư viện lưu trữ: Thư viện Trường Đại học Đà Lạt
LEADER 01283nam a2200493 4500
001 DLU080064430
005 ##20081226
040 # # |a DLU  |b vie 
041 # # |a vie 
044 # # |a vn 
082 # # |a 335.401  |b Gia 
245 # # |a Giáo trình triết học Mác - Lênin /  |c Nguyễn Duy Quý, ... [và những người khác] biên soạn. 
260 # # |a  :  |b ,  |c 200. 
300 # # |a  tr. ;  |c  cm. 
700 # # |a Dương Phú Hiệp. 
700 # # |a Hồ Sĩ Quý. 
700 # # |a Hồ Văn Thông. 
700 # # |a Lê Hữu Nghĩa. 
700 # # |a Lê Hữu Tầng. 
700 # # |a Ngô Thành Dương. 
700 # # |a Nguyễn Đăng Quang. 
700 # # |a Nguyễn Duy Quý 
700 # # |a Nguyễn Hữu Vui. 
700 # # |a Nguyễn Ngọc Long. 
700 # # |a Nguyễn Tài Thư. 
700 # # |a Nguyễn Trọng Chuẩn. 
700 # # |a Phạm Ngọc Quang. 
700 # # |a Phạm Thị Ngọc Trầm. 
700 # # |a Trần Hữu Tiến. 
700 # # |a Trần Nhâm. 
700 # # |a Vũ Khiêu. 
700 # # |a Vũ Ngọc Pha. 
923 # # |a 20/2008 
991 # # |a GT 
992 # # |a 42000 
994 # # |a DLU 
900 # # |a True 
911 # # |a Đào Thị Thu Huyền 
925 # # |a G 
926 # # |a A 
927 # # |a SH 
980 # # |a Thư viện Trường Đại học Đà Lạt